| 000 | 00591nam a2200181Ia 4500 | ||
|---|---|---|---|
| 008 | 100920s9999 xx 000 0 und d | ||
| 082 |
_b54873 _a28 व 200 थ 85 |
||
| 100 | _aदेशपांडे कृ.पं. | ||
| 245 | _aशिवपुराण. | ||
| 260 |
_bअतुल बुक एजन्सी ,पुणे. _c1985 |
||
| 300 |
_a64 _bसाधी |
||
| 365 | _b10 | ||
| 520 | _aबा.वि.धार्मिक. | ||
| 630 | _aशिवपुराण. | ||
| 650 | _aबा.वि.धार्मिक. | ||
| 730 | _aशिवपुराण. | ||
| 942 | _cBOOK | ||
| 999 |
_c699474 _d699471 |
||